Word Ladder: Tim Rice Lyrics Quiz Stats

 Plays Quiz Updated May 8, 2016

Challenge
Share
Tweet
Embed
Score 0/35 Timer 05:00
0 Plays Today
Hint 4-Letter Word % Correct
Angelic instrumentHARP
95.4%
Naked, unclothedBARE
94.3%
Not preā€recordedLIVE
93.8%
Measure of hayBALE
93.7%
DaybreakDAWN
92.6%
Walk through shallow waterWADE
92.4%
They balance out the highsLOWS
92.4%
Price of travelFARE
92.2%
Animal that's mad in March?HARE
92%
'You won't care if they ____ you / It's been done before' (Evita)* LOVE *
91.5%
'Still the gap between us is too ____' (Chess)* WIDE *
91.3%
Fish of the family CyprinidaeCARP
91.3%
Business entity (abbrev.)CORP.
90.6%
Actor Rob or 'Pet Shop Boy' Chris, e.g.LOWE
90.4%
'How did I come to this? / How did I slip and ____?' (Aida)* FALL *
90.3%
'Should I bring him ____? / Should I scream and shout?' (JCS)* DOWN *
90%
'Close every ____ to me / Hide all the world from me' (Joseph)* DOOR *
88.6%
To marry a womanWIVE
88.6%
Hint 4-Letter Word % Correct
Bundles of cash or masses of gumWADS
88.5%
'Another suitcase in another ____' (Evita)* HALL*
86.6%
Healthy and robustHALE
85%
Bird's nest, borscht or bouillabaisse, e.g.SOUP
84.3%
Pulls with a rope or chainTOWS
83.2%
Traditional Irish potato flatbreadFARL
83.2%
'So prepare for the ____ of the century' (Lion King)* COUP *
83%
'I shall build the Lord / A temple in this holy ____' (King David)* TOWN *
82.9%
'It was beautiful but now it's ____ / Yes, it's all gone ____' (JCS)* SOUR *
81.3%
Moody, glumDOUR
80.4%
'Let me try to cool down your ____ a bit' (JCS)* FACE *
76.1%
'Your views of me are quite beyond the ____' (Likes of Us)* PALE *
75.9%
Speed or ratePACE
73.2%
'So you better go back to your ____, your temples' (Chess)* BARS *
61.1%
'I welcome you into my family / Into its dark eternal ____' (Heathcliff)* WARS *
60.2%
'Ruby and olive and violet and ____' (Joseph)* FAWN *
46.5%
'They need to adore me / So Christian ____ me' (Evita)* DIOR *
43.3%

Today's Daily Dose

You're not logged in!

Compare scores with friends on all Sporcle quizzes.
Join for Free
OR
Log In

You Might Also Like...

Show Comments

Extras

Top Quizzes Today


Score Distribution

Your Account Isn't Verified!

In order to create a playlist on Sporcle, you need to verify the email address you used during registration. Go to your Sporcle Settings to finish the process.

Report this User

Report this user for behavior that violates our Community Guidelines.

Details: